Music Quiz

Random Music or Song Quiz

Jukebox 1979-1980 (Clips) Quiz Stats

 Plays Quiz not verified by Sporcle

Challenge
Share
Tweet
Score 0/50 Timer 15:00
0 Plays Today
Index / Start Time Title % Correct
5 / 0:28Crazy Little Thing Called Love
91.6%
7 / 0:42Da Ya Think I'm Sexy?
87.6%
47 / 5:22Y.M.C.A.
85.8%
44 / 5:01We Are Family
77.9%
33 / 3:44Rock With You
76.5%
2 / 0:07Against The Wind
73%
17 / 1:52I'm Coming Out
70.8%
43 / 4:54Tragedy
68.6%
20 / 2:13Lady
68.6%
26 / 2:55On The Radio
67.7%
39 / 4:26Soul Man
66.8%
23 / 2:34The Long Run
66.4%
10 / 1:03Give Me The Night
65.9%
49 / 5:36You May Be Right
65.9%
29 / 3:16Refugee
65%
30 / 3:23Ride Like The Wind
62.4%
14 / 1:31He's So Shy
58.4%
22 / 2:27Let My Love Open The Door
57.5%
38 / 4:19Shake Your Groove Thing
56.6%
35 / 3:58Sad Eyes
54.9%
6 / 0:35Cupid/I've Loved You For A Long Time
54%
32 / 3:37Rock 'N' Roll Fantasy
54%
31 / 3:30Ring My Bell
52.2%
11 / 1:10Good Times
51.8%
1 / 0:00After The Love Has Gone
48.7%
Index / Start Time Title % Correct
37 / 4:12Sara
46.9%
27 / 3:02Ooh Baby Baby
46%
12 / 1:17Got To Be Real
45.6%
40 / 4:33Steal Away
42.9%
18 / 1:59Into The Night
42.5%
24 / 2:41Makin' It
41.2%
36 / 4:05Sail On
38.9%
48 / 5:29You Can't Change That
38.5%
41 / 4:40Stumblin' In
35.8%
9 / 0:56Fool In The Rain
35.4%
21 / 2:20Late In The Evening
35.4%
15 / 1:38Him
34.1%
25 / 2:48Mama Can't Buy You Love
30.1%
50 / 5:43You're Only Lonely
28.8%
28 / 3:09Promises
28.3%
3 / 0:14Biggest Part Of Me
27%
46 / 5:15With You I'm Born Again
25.7%
4 / 0:21Boulevard
25.7%
19 / 2:06Jesse
24.8%
34 / 3:51Romeo's Tune
23%
8 / 0:49Disco Nights (Rock-Freak)
22.1%
42 / 4:47Tired Of Toein' The Line
20.8%
45 / 5:08What You Won't Do For Love
18.6%
16 / 1:45I Can't Stand It No More
11.1%
13 / 1:24Heaven Must Have Sent You
8.8%

You're not logged in!

Compare scores with friends on all Sporcle quizzes.
Join for Free
OR
Log In

You Might Also Like...

Show Comments

Extras

Top Quizzes Today


Score Distribution

Your Account Isn't Verified!

In order to create a playlist on Sporcle, you need to verify the email address you used during registration. Go to your Sporcle Settings to finish the process.

Report this User

Report this user for behavior that violates our Community Guidelines.

Details: